000
003560000a22001690004500
005
20120302062407.0
942
_c
BOOK
100
_a
Vidyaranya
245
_a
Jeewanmuktivivek
260
_a
Pune:Aanandashram,1978.
300
_a
118p.
040
_a
SAN
365
_b
10/-
650
_a
Sanskrut
650
_a
Sankeerna
650
_a
Jeewanmuktivivek
999
_c
356586
_d
356583